000 00226 a2200097 4500
001 44247
100 _aWybraw
245 _aElectrical and Wireless Equipment of Aircraft
260 _aLondon
_bPitman
_c
090 _c27989
_d27989
942 _aNUST-CAE
_cM
_c19989
999 _c279320
_d279320